| 000 | 00466nam a2200145Ia 4500 | ||
|---|---|---|---|
| 041 | _aKurdish | ||
| 082 | _a347 cut-298 س | ||
| 100 | _a20260118u\\\\\\\\\\\y0engy0103\\\\ba | ||
| 100 | _aکامران رسول سعید | ||
| 245 | 0 | _aمن ودادگا مشتێک لە خەرمانەى بڕیارەکانم لە دادگاکاندا | |
| 250 | _aچ1 | ||
| 260 |
_bچاپخانەیى كارۆ _aسلیمانى - العراق _c2017 |
||
| 300 | _a572 | ||
| 942 | _cBk | ||
| 999 |
_c189061 _d189061 |
||